logo

Bir Sreshtho Munshi Abdur Rouf Library
Jhenaidah Cadet College

প্রজেক্ট নেবুলা / (Record no. 36)

MARC details
000 -LEADER
fixed length control field 00755nam a2200229 a 4500
001 - CONTROL NUMBER
JCCL Control Number 36
003 - CONTROL NUMBER IDENTIFIER
JCCL marc code BD-JhCC
005 - DATE AND TIME OF LATEST TRANSACTION
control field 20220307134019.0
008 - FIXED-LENGTH DATA ELEMENTS--GENERAL INFORMATION
fixed length control field 170924s2015 bg | |||| 000 0 ben d
020 ## - INTERNATIONAL STANDARD BOOK NUMBER
International Standard Book Number 9789848812761
035 ## - SYSTEM CONTROL NUMBER
system control number (BD-JhCC)36
040 ## - CATALOGING SOURCE
Original cataloging agency BD-JhCC
Transcribing agency BD-JhCC
Modifying agency BD-JhCC
041 ## - LANGUAGE CODE
Language code of Book ben
082 ## - DEWEY DECIMAL CLASSIFICATION NUMBER
Classification number 891.4437
Author mark and Year IQB, 2015
DDC Edition number 23
100 ## - MAIN ENTRY--PERSONAL NAME
Personal name ইকবাল, মুহম্মদ জাফর
245 ## - TITLE STATEMENT
Title প্রজেক্ট নেবুলা /
Statement of responsibility, etc মুহম্মদ জাফর ইকবাল
260 ## - PUBLICATION, DISTRIBUTION, ETC. (IMPRINT)
Place of publication, distribution, etc ঢাকা :
Name of publisher, distributor, etc জ্ঞানকোষ প্রকাশনী
Date of publication, distribution, etc ২০১৫.
300 ## - PHYSICAL DESCRIPTION
Pagination ১২০ পৃ.
Dimensions ২২ সেমি
650 ## - SUBJECT ADDED ENTRY--TOPICAL TERM
Topical term or geographic name as entry element Science Fiction, Bengali
942 ## - ADDED ENTRY ELEMENTS (KOHA)
Source of classification or shelving scheme Dewey Decimal Classification
Koha item type Books
Koha issues (borrowed), all copies 8
Holdings
Source of classification or shelving scheme Damaged status Not for loan Home library Current library Shelving location Date of accession Source of acquisition Cost, normal purchase price Total Checkouts Full call number Barcode Date last seen Date checked out Copy number Koha item type
Dewey Decimal Classification     JCC Rouf Library JCC Rouf Library General Stacks 09/24/2017 IPDC 150.00 8 891.4437 IQB 2015 8021 07/29/2025 07/22/2025 C-1 Books

JCC Library | Contacts | JCC Home

Last Update on 23 September 2017
Copyright @ 2017-2020 JCC Rouf Library
Rouf Library, Jhenidah Cadet College (JCC), Bangladesh